<?xml version="1.0" encoding="UTF-8"?>
<record
    xmlns:xsi="http://www.w3.org/2001/XMLSchema-instance"
    xsi:schemaLocation="http://www.loc.gov/MARC21/slim http://www.loc.gov/standards/marcxml/schema/MARC21slim.xsd"
    xmlns="http://www.loc.gov/MARC21/slim">

  <leader>02010nam a22003497a 4500</leader>
  <controlfield tag="003">NALT</controlfield>
  <controlfield tag="005">20240213123148.0</controlfield>
  <controlfield tag="008">210303b        th ||||| |||| 00| 0 tha d</controlfield>
  <datafield tag="020" ind1=" " ind2=" ">
    <subfield code="a">9786164761100</subfield>
  </datafield>
  <datafield tag="040" ind1=" " ind2=" ">
    <subfield code="a">NALT</subfield>
  </datafield>
  <datafield tag="050" ind1=" " ind2=" ">
    <subfield code="a">HC 445</subfield>
    <subfield code="b">&#xE1E;343&#xE08; 2563</subfield>
  </datafield>
  <datafield tag="110" ind1="2" ind2=" ">
    <subfield code="9">2339</subfield>
    <subfield code="a">&#xE2A;&#xE16;&#xE32;&#xE1A;&#xE31;&#xE19;&#xE1E;&#xE23;&#xE30;&#xE1B;&#xE01;&#xE40;&#xE01;&#xE25;&#xE49;&#xE32;</subfield>
  </datafield>
  <datafield tag="245" ind1="1" ind2="0">
    <subfield code="a">&#xE08;&#xE32;&#xE01;&#xE27;&#xE34;&#xE01;&#xE24;&#xE15;&#xE2A;&#xE39;&#xE48;&#xE42;&#xE2D;&#xE01;&#xE32;&#xE2A;&#xE02;&#xE2D;&#xE07;&#xE2A;&#xE31;&#xE07;&#xE04;&#xE21;&#xE44;&#xE17;&#xE22;&#xE43;&#xE19;&#xE22;&#xE38;&#xE04; COVID-19 /</subfield>
    <subfield code="c">&#xE2A;&#xE16;&#xE32;&#xE1A;&#xE31;&#xE19;&#xE1E;&#xE23;&#xE30;&#xE1B;&#xE01;&#xE40;&#xE01;&#xE25;&#xE49;&#xE32; ; &#xE04;&#xE13;&#xE30;&#xE1C;&#xE39;&#xE49;&#xE08;&#xE31;&#xE14;&#xE17;&#xE33;, &#xE18;&#xE35;&#xE23;&#xE1E;&#xE23;&#xE23;&#xE13; &#xE43;&#xE08;&#xE21;&#xE31;&#xE48;&#xE19;, &#xE40;&#xE01;&#xE29;&#xE13;&#xE35; &#xE18;&#xE19;&#xE01;&#xE32;&#xE23;&#xE28;&#xE31;&#xE01;&#xE14;&#xE34;&#xE4C;, &#xE27;&#xE31;&#xE19;&#xE40;&#xE1E;&#xE47;&#xE0D; &#xE2B;&#xE21;&#xE2D;&#xE19;&#xE17;&#xE2D;&#xE07;, &#xE19;&#xE48;&#xE32;&#xE19;&#xE19;&#xE17;&#xE35; &#xE1A;&#xE31;&#xE27;&#xE2D;&#xE34;&#xE48;&#xE21;.</subfield>
  </datafield>
  <datafield tag="250" ind1=" " ind2=" ">
    <subfield code="a">&#xE1E;&#xE34;&#xE21;&#xE1E;&#xE4C;&#xE04;&#xE23;&#xE31;&#xE49;&#xE07;&#xE17;&#xE35;&#xE48; 1</subfield>
  </datafield>
  <datafield tag="260" ind1=" " ind2=" ">
    <subfield code="a">&#xE01;&#xE23;&#xE38;&#xE07;&#xE40;&#xE17;&#xE1E;&#xE2F; :</subfield>
    <subfield code="b">&#xE2A;&#xE16;&#xE32;&#xE1A;&#xE31;&#xE19;&#xE1E;&#xE23;&#xE30;&#xE1B;&#xE01;&#xE40;&#xE01;&#xE25;&#xE49;&#xE32;,</subfield>
    <subfield code="c">2563.</subfield>
  </datafield>
  <datafield tag="300" ind1=" " ind2=" ">
    <subfield code="a">275 &#xE2B;&#xE19;&#xE49;&#xE32; :</subfield>
    <subfield code="b">&#xE20;&#xE32;&#xE1E;&#xE1B;&#xE23;&#xE30;&#xE01;&#xE2D;&#xE1A;, &#xE15;&#xE32;&#xE23;&#xE32;&#xE07; ;</subfield>
    <subfield code="c">24 &#xE0B;&#xE21;.</subfield>
  </datafield>
  <datafield tag="650" ind1=" " ind2="4">
    <subfield code="9">10485</subfield>
    <subfield code="a">&#xE01;&#xE32;&#xE23;&#xE1E;&#xE31;&#xE12;&#xE19;&#xE32;&#xE40;&#xE28;&#xE23;&#xE29;&#xE10;&#xE01;&#xE34;&#xE08;</subfield>
    <subfield code="z">&#xE44;&#xE17;&#xE22;</subfield>
  </datafield>
  <datafield tag="650" ind1=" " ind2="4">
    <subfield code="9">49003</subfield>
    <subfield code="a">&#xE42;&#xE04;&#xE27;&#xE34;&#xE14;-19 (&#xE42;&#xE23;&#xE04;)</subfield>
  </datafield>
  <datafield tag="650" ind1=" " ind2="0">
    <subfield code="a">&#xE42;&#xE23;&#xE04;&#xE15;&#xE34;&#xE14;&#xE40;&#xE0A;&#xE37;&#xE49;&#xE2D;&#xE44;&#xE27;&#xE23;&#xE31;&#xE2A;&#xE42;&#xE04;&#xE42;&#xE23;&#xE19;&#xE32;</subfield>
    <subfield code="9">45355</subfield>
  </datafield>
  <datafield tag="650" ind1=" " ind2="4">
    <subfield code="9">22062</subfield>
    <subfield code="a">&#xE01;&#xE32;&#xE23;&#xE1E;&#xE31;&#xE12;&#xE19;&#xE32;&#xE2A;&#xE31;&#xE07;&#xE04;&#xE21;</subfield>
    <subfield code="z">&#xE44;&#xE17;&#xE22;</subfield>
  </datafield>
  <datafield tag="650" ind1=" " ind2="4">
    <subfield code="9">30769</subfield>
    <subfield code="a">&#xE04;&#xE27;&#xE32;&#xE21;&#xE40;&#xE2A;&#xE21;&#xE2D;&#xE20;&#xE32;&#xE04;</subfield>
    <subfield code="z">&#xE44;&#xE17;&#xE22;</subfield>
  </datafield>
  <datafield tag="650" ind1=" " ind2="4">
    <subfield code="9">11641</subfield>
    <subfield code="a">&#xE01;&#xE32;&#xE23;&#xE40;&#xE1B;&#xE25;&#xE35;&#xE48;&#xE22;&#xE19;&#xE41;&#xE1B;&#xE25;&#xE07;&#xE17;&#xE32;&#xE07;&#xE2A;&#xE31;&#xE07;&#xE04;&#xE21;</subfield>
    <subfield code="z">&#xE44;&#xE17;&#xE22; </subfield>
  </datafield>
  <datafield tag="651" ind1=" " ind2="4">
    <subfield code="a">&#xE44;&#xE17;&#xE22;</subfield>
    <subfield code="x">&#xE20;&#xE32;&#xE27;&#xE30;&#xE40;&#xE28;&#xE23;&#xE29;&#xE10;&#xE01;&#xE34;&#xE08;</subfield>
    <subfield code="9">3477</subfield>
  </datafield>
  <datafield tag="700" ind1="0" ind2=" ">
    <subfield code="9">5886</subfield>
    <subfield code="a">&#xE18;&#xE35;&#xE23;&#xE1E;&#xE23;&#xE23;&#xE13; &#xE43;&#xE08;&#xE21;&#xE31;&#xE48;&#xE19;</subfield>
  </datafield>
  <datafield tag="700" ind1="0" ind2=" ">
    <subfield code="9">50823</subfield>
    <subfield code="a">&#xE40;&#xE01;&#xE29;&#xE13;&#xE35; &#xE18;&#xE19;&#xE01;&#xE32;&#xE23;&#xE28;&#xE31;&#xE01;&#xE14;&#xE34;&#xE4C;</subfield>
  </datafield>
  <datafield tag="700" ind1="0" ind2=" ">
    <subfield code="9">50824</subfield>
    <subfield code="a">&#xE27;&#xE31;&#xE19;&#xE40;&#xE1E;&#xE47;&#xE0D; &#xE2B;&#xE21;&#xE2D;&#xE19;&#xE17;&#xE2D;&#xE07;</subfield>
  </datafield>
  <datafield tag="700" ind1="0" ind2=" ">
    <subfield code="9">50825</subfield>
    <subfield code="a">&#xE19;&#xE48;&#xE32;&#xE19;&#xE19;&#xE17;&#xE35; &#xE1A;&#xE31;&#xE27;&#xE2D;&#xE34;&#xE48;&#xE21;</subfield>
  </datafield>
  <datafield tag="850" ind1=" " ind2=" ">
    <subfield code="a">NALT</subfield>
  </datafield>
  <datafield tag="942" ind1=" " ind2=" ">
    <subfield code="c">GB</subfield>
    <subfield code="2">lcc</subfield>
  </datafield>
  <datafield tag="998" ind1=" " ind2=" ">
    <subfield code="a">&#xE34;bijaya</subfield>
    <subfield code="b">phon</subfield>
    <subfield code="c">phon</subfield>
    <subfield code="j">8</subfield>
    <subfield code="k"> &#xE19;&#xE32;&#xE22;&#xE1A;&#xE31;&#xE13;&#xE11;&#xE34;&#xE15;  &#xE2D;&#xE38;&#xE17;&#xE32;&#xE27;&#xE07;&#xE04;&#xE4C;</subfield>
  </datafield>
  <datafield tag="999" ind1=" " ind2=" ">
    <subfield code="c">98162</subfield>
    <subfield code="d">98162</subfield>
  </datafield>
  <datafield tag="952" ind1=" " ind2=" ">
    <subfield code="0">0</subfield>
    <subfield code="1">0</subfield>
    <subfield code="2">lcc</subfield>
    <subfield code="4">0</subfield>
    <subfield code="7">0</subfield>
    <subfield code="8">CGBL</subfield>
    <subfield code="a">NALT</subfield>
    <subfield code="b">NALT</subfield>
    <subfield code="c">GEN</subfield>
    <subfield code="d">2021-03-03</subfield>
    <subfield code="l">2</subfield>
    <subfield code="m">1</subfield>
    <subfield code="o">HC 445 &#xE1E;343&#xE08; 2563</subfield>
    <subfield code="p">3961211761</subfield>
    <subfield code="r">2024-02-19 00:00:00</subfield>
    <subfield code="s">2024-02-13</subfield>
    <subfield code="t">&#xE09;.1</subfield>
    <subfield code="w">2021-03-03</subfield>
    <subfield code="y">GB</subfield>
  </datafield>
  <datafield tag="952" ind1=" " ind2=" ">
    <subfield code="0">0</subfield>
    <subfield code="1">0</subfield>
    <subfield code="2">lcc</subfield>
    <subfield code="4">0</subfield>
    <subfield code="7">0</subfield>
    <subfield code="8">CGBL</subfield>
    <subfield code="a">NALT</subfield>
    <subfield code="b">NALT</subfield>
    <subfield code="c">GEN</subfield>
    <subfield code="d">2021-03-03</subfield>
    <subfield code="o">HC 445 &#xE1E;343&#xE08; 2563</subfield>
    <subfield code="p">3961211762</subfield>
    <subfield code="r">2021-03-12 00:00:00</subfield>
    <subfield code="t">&#xE09;.2</subfield>
    <subfield code="w">2021-03-03</subfield>
    <subfield code="y">GB</subfield>
  </datafield>
</record>
